000 00320nam a2200145 i 4500
001 bg
100 1 _aBAGIŃSKI, Zbigniew
245 0 _aRadar /
_cZbigniew Bagiński.
260 _aWarszawa,
_c1976.
040 _cBPK
041 _apol
080 _a621.396
942 _cKS
008 s pl f |000 0 pol
999 _c26974
_d26974
856 _uhttp://koha.tu.koszalin.pl/cgi-bin/koha/opac-detail.pl?biblionumber=26974
_yKatalog online BPK